Global property sustainability survey (Record no. 111460)

MARC details
000 -LEADER
fixed length control field 01384cad a22002415a 4500
001 - CONTROL NUMBER
control field E151586
008 - FIXED-LENGTH DATA ELEMENTS--GENERAL INFORMATION
fixed length control field 101122s2010 xxkd f s 000 0 eng d
035 ## - SYSTEM CONTROL NUMBER
System control number (Sirsi) u151586
041 0# - LANGUAGE CODE
Language code of text/sound track or separate title eng
050 04 - LIBRARY OF CONGRESS CALL NUMBER
Classification number 333.72 $2 18
110 2# - MAIN ENTRY--CORPORATE NAME
Corporate name or jurisdiction name as entry element Royal Institution of Chartered Surveyors
Subordinate unit Economics
9 (RLIN) 5033
245 00 - TITLE STATEMENT
Title Global property sustainability survey
Remainder of title Q1 2010
Medium [electronic resource]
260 ## - PUBLICATION, DISTRIBUTION, ETC.
Place of publication, distribution, etc. London
Name of publisher, distributor, etc. RICS
Date of publication, distribution, etc. 2010
490 #0 - SERIES STATEMENT
Series statement RICS/CPE Global Commercial Property Sustainability Survey
Volume/sequential designation First Quarter 2010
520 ## - SUMMARY, ETC.
Summary, etc. Presents the results of RICS/CPE Global Commercial Property Sustainability Survey for the first quarter 2010. The survey shows that globally it is professional firms not governments who ranked highest in terms of implementing sustainable solutions over the last quarter. Asia outperformed other regions in all but two categories during the first quarter, and agents in Latin America and Africa and the Middle East see the biggest challenges in meeting sustainable standards for real estate stock.
521 ## - TARGET AUDIENCE NOTE
Target audience note Advanced
590 ## - LOCAL NOTE (RLIN)
Local note KA
650 24 - SUBJECT ADDED ENTRY--TOPICAL TERM
Topical term or geographic name entry element RICS/CPE GLOBAL COMMERCIAL PROPERTY SUSTAINABILITY SURVEY
651 #4 - SUBJECT ADDED ENTRY--GEOGRAPHIC NAME
Geographic name International
690 ## - LOCAL SUBJECT ADDED ENTRY--TOPICAL TERM (OCLC, RLIN)
Topical term or geographic name as entry element ENVIRONMENTAL AND LAND CONSULTANCY-SUSTAINABILITY
856 40 - ELECTRONIC LOCATION AND ACCESS
Uniform Resource Identifier <a href="https://www.rics.org/site/download_feed.aspx?fileID=6696&fileExtension=PDF">https://www.rics.org/site/download_feed.aspx?fileID=6696&fileExtension=PDF</a>
Public note View the report free of charge at www.rics.org
942 ## - ADDED ENTRY ELEMENTS (KOHA)
Suppress in OPAC 0
Holdings
Withdrawn status Lost status Source of classification or shelving scheme Damaged status Not for loan Home library Current library Shelving location Date acquired Total Checkouts Full call number Barcode Date last seen Copy number Price effective from Koha item type
    Dewey Decimal Classification     Virtual Virtual Online 22/11/2010   ONLINE PUBLICATION 151586-2001 06/08/2019 1 06/08/2019 Book